000 00333nam a2200133Ia 4500
008 220216s9999 xx 000 0 und d
100 _aPramod Thomas
245 0 _aRubber, tyre sectors eye huge growth
260 _bTyre Asia
_c2017
300 _a48-49
500 _aSource Year: 2017
650 _aIndian tyre sector
942 _cJS
999 _c68162
_d68162